| 000 | 00623ntaaa2200229 4500 | ||
|---|---|---|---|
| 003 | 01 | ||
| 005 | 20251027202246.0 | ||
| 008 | 0714s1973 ag 01 | ||
| 040 |
_aAR-BaBN _bspa _cAR-BaBN _eaacr _dRIC |
||
| 082 | _a268.4320 C35 | ||
| 100 |
_aChamberlain, Eugene _99263 |
||
| 245 | _aPreschoolers at church | ||
| 250 | _a1 ed. | ||
| 260 |
_aNashville : _bConvention Press, _c1969 |
||
| 300 | _a202 p | ||
| 500 | _aComo preparar y enseñar al niño preescolar en la iglesia | ||
| 650 | _aniños | ||
| 650 | _aescuela dominical-niños | ||
| 650 |
_aniños-preescolares _920978 |
||
| 700 |
_aOtros, _913169 |
||
| 942 | _cBK | ||
| 999 |
_c17369 _d17369 |
||